مكتبة جامعة عجلون الوطنية

فهرس بحث المكتبة

Normal view MARC view
  • حسان بن ثابت بن المنذر الخزرجي

Entry Topical Term

Number of records used in: 1

001 - CONTROL NUMBER

  • control field: 35690

003 - CONTROL NUMBER IDENTIFIER

  • control field: JO-AjAnu

005 - DATE AND TIME OF LATEST TRANSACTION

  • control field: 20230606075951.0

008 - FIXED-LENGTH DATA ELEMENTS

  • fixed length control field: 230606|| aca||aabn | a|a d

040 ## - CATALOGING SOURCE

  • Original cataloging agency: JO-AjAnu
  • Transcribing agency: JO-AjAnu

150 ## - HEADING--TOPICAL TERM

  • Topical term or geographic name entry element: حسان بن ثابت بن المنذر الخزرجي

670 ## - SOURCE DATA FOUND

  • Source citation: Work cat.: (JO-AjAnu)18326: تأليف الأصبهاني، علي بن الحسين, author 35689, أخبار حسان بن ثابت: من كتاب الأغاني لأبي الفرج الأصبهاني علي بن الحسين 356هـ - 976هـ